000 00560nam a2200193Ia 4500
005 20250508154627.0
008 008 250505s9999 xx 000 0 eng d
037 _aTextual
040 _aFEDL
_beng
_cFEDL
041 _aeng
_2eng
084 _a371.2, OVA
_qFEDL
100 _aOvard Glen F
_9333851
245 0 _aAdministration of the changing secondary school
260 _aNew York, USA
_bThe Macmillan Company
_c1966
300 _axii,531p.
650 _aSchool Administration
942 _cTEXL
_h371.2, OVA
999 _c1351293
_d1351293